000
00306 a2200145 4500
001
169540
020
_a
040
_c
Magnum
100
_a
Otero, Oliveros F.
240
1
0
_a
La educacion como rebeldia
_l
ESP
245
1
0
_a
La educacion como rebeldia
362
0
_a
1899
697
_a
ENSINO
942
_c
BK
999
_c
169540
_d
169540